E' nato il re povero (Record no. 101348)

MARC details
000 -LEADER
fixed length control field 01221njm a2200313Ia 4500
001 - CONTROL NUMBER
control field A3727
003 - CONTROL NUMBER IDENTIFIER
control field IT-RoPAU
005 - DATE AND TIME OF LATEST TRANSACTION
control field 20220918181142.0
008 - FIXED-LENGTH DATA ELEMENTS--GENERAL INFORMATION
fixed length control field 131025s9999 xx 000 0 und d
040 ## - CATALOGING SOURCE
Original cataloging agency IT-RoPAU
040 ## - CATALOGING SOURCE
Transcribing agency IT-RoPAU
041 ## - LANGUAGE CODE
Language code of text/sound track or separate title ITALIANO
999 ## - SYSTEM CONTROL NUMBERS (KOHA)
Koha Dewey Subclass [OBSOLETE] n.d.
100 ## - MAIN ENTRY--PERSONAL NAME
Personal name Cento Giosy
9 (RLIN) 1580
100 ## - MAIN ENTRY--PERSONAL NAME
Relator term Autore musica
9 (RLIN) 28079
100 ## - MAIN ENTRY--PERSONAL NAME
Miscellaneous information Codice autore musica SPICS: 10822
9 (RLIN) 1582
245 ## - TITLE STATEMENT
Title E' nato il re povero
250 ## - EDITION STATEMENT
Edition statement 1a ed.
260 ## - PUBLICATION, DISTRIBUTION, ETC. (IMPRINT)
Place of publication, distribution, etc. ROMA
260 ## - PUBLICATION, DISTRIBUTION, ETC. (IMPRINT)
Name of publisher, distributor, etc. EP - MUSICALI E DISCOGRAFICHE
Date of publication, distribution, etc. 1991 [1a Ed.:1991 - Ed. Lingua Orig.: 1991]
300 ## - PHYSICAL DESCRIPTION
Extent MUSICASSETTA
300 ## - PHYSICAL DESCRIPTION
Dimensions 34 minuti (Testo: 0 pag.)
500 ## - GENERAL NOTE
General note Musica religiosa. Canzoni di Natale. Cantautore di Dio
505 ## - FORMATTED CONTENTS NOTE
Formatted contents note Grazie, notte di Natale - Nasce Gesù - Solo tu sei risposta - Tu sei la primavera - Canta, figlia di Sion - Gloria al Signore - Povero e bambino - Natale di allora - Stella amica - Natale e la nebbia scompare
650 ## - SUBJECT ADDED ENTRY--TOPICAL TERM
Topical term or geographic name as entry element CANTI DI NATALE [CASSETTE]
Relator term Codice MATERIA SPICS: 9951
9 (RLIN) 14118
700 ## - ADDED ENTRY--PERSONAL NAME
Personal name Cento Giosy
Relator term Autore testo e musica
Miscellaneous information Codice autore testo/musica SPICS: 10822
9 (RLIN) 28080
700 ## - ADDED ENTRY--PERSONAL NAME
Personal name Cento Giosy
Miscellaneous information Codice interprete SPICS: 10822
Relator term Interprete
9 (RLIN) 28081
942 ## - ADDED ENTRY ELEMENTS (KOHA)
Koha item type MUSICASSETTE
Source of classification or shelving scheme Dewey Decimal Classification
Holdings
Withdrawn status Lost status Damaged status Not for loan Home library Current library Date acquired Total Checkouts Full call number Date last seen Price effective from Koha item type Public note
    Buone Condizioni Not For Loan SPICS-MEDIATECA SPICS-MEDIATECA 25/10/2013   A3727 25/10/2013 25/10/2013 MUSICASSETTE Progr. Ins.: 180 / N.Vol.: 1 / Copie: 1 - Copia rara: n.d. / date import: 01.01.2014 - By Epidotti, Trombetti, Vaglietti
CREDITS: SOCIETA' SAN PAOLO Via A.Severo, 58 - ROMA (RM) & PERIODICI SAN PAOLO SRL Via Giotto, 36 MILANO & CISF Via Giotto, 36 MILANO & EDIZIONI SAN PAOLO SRL,  Piazza Soncino, 5 CINISELLO BALSAMO (MI) -- ITALY